Libertades y migraciones /

Guardado en:
書目詳細資料
主要作者: Marthoz, Jean-Paul
格式: Texto
主題:
標簽: 添加標簽
沒有標簽, 成為第一個標記此記錄!

MARC

LEADER 00000 a a2200000 04500
001 5571
003
040
100 |a Marthoz, Jean-Paul  
245 |a Libertades y migraciones /  |c Jean-Paul Marthoz 
650 |a MIGRACION LABORAL  
773 |g número 129; páginas 24-28  
999 |c 30996  |d 30996 
773 0 |0 45084  |9 9326  |a Oficina Internacional del Trabajo  |d Suiza : Organización Internacional del Trabajo ; 1964-2005  |o 01743  |t Educación Obrera